| 000 | 00963nmc a2200349 a 4500 | ||
|---|---|---|---|
| 003 | AR-BaBNM | ||
| 005 | 20251128211005.0 | ||
| 008 | 282020s2001 ||||||||||||||000 | spa|| | ||
| 020 | _a84-7112-454-8 | ||
| 040 | _cAR-BaBNM | ||
| 100 | 1 | _aGreen, Lucy | |
| 245 | 1 | 0 | _aMúsica, género y educación |
| 260 |
_aMadrid _bEdiciones Morata _c2001 |
||
| 300 | 0 | _a262 p. | |
| 490 | 0 | _aPedagogía. Manuales | |
| 500 | 0 | _aContiene índice alfabético de autores y materias | |
| 504 | _aContiene referencias bibliográficas p. 242-257 | ||
| 650 | 4 | _aMUJERES | |
| 650 | 4 | _aARTISTAS | |
| 650 | 4 | _aCOMPOSICION MUSICAL | |
| 650 | 4 | _aINTERPRETACIONES MUSICALES | |
| 650 | 4 | _aEDUCACION DE LA MUJER | |
| 650 | 4 | _aEDUCACION MUSICAL | |
| 650 | 4 | _aDIFERENCIAS ENTRE SEXOS | |
| 650 | 4 | _aFEMINEIDAD | |
| 650 | 4 | _aFEMINISMO | |
| 650 | 4 | _aHISTORIA DE LA MUSICA | |
| 653 | _aGENERO | ||
| 700 | 1 |
_aManzano, Pablo _etraductor |
|
| 942 | _cBK | ||
| 998 | _craquel | ||
| 999 |
_c17781 _d17781 |
||